|
|
|
|
| LEADER |
01015nam a22002775a 4500 |
| 001 |
6320 |
| 003 |
BD-DhAAL |
| 005 |
20150920093701.0 |
| 008 |
150920s2002 ii b 001 0 eng |
| 010 |
|
|
|a 2002289402
|
| 020 |
|
|
|a 9840516280
|
| 020 |
|
|
|a 8185604517
|
| 040 |
|
|
|a DLC
|c DLC
|d OCLCQ
|d TEF
|d BD-DhAAL
|
| 082 |
|
|
|a 346.549201/5
|
| 100 |
1 |
|
|a Pereira, Faustina.
|9 14837
|
| 245 |
1 |
4 |
|a The fractured scales :
|b the search for a uniform personal code /
|c Faustina Pereira.
|
| 260 |
|
|
|a Calcutta :
|a Dhaka :
|b Stree,
|b The University Press,
|c c2002.
|
| 300 |
|
|
|a xxvi, 239 p. ;
|c 22 cm.
|
| 504 |
|
|
|a Includes bibliographical references (p. [225]-233) and index.
|
| 520 |
|
|
|a With reference to South Asia.
|
| 541 |
|
|
|e 6320
|
| 650 |
|
0 |
|a Domestic relations
|z Bangladesh.
|9 14838
|
| 650 |
|
0 |
|a Domestic relations.
|9 14839
|
| 942 |
|
|
|2 ddc
|c BK
|
| 999 |
|
|
|c 35606
|d 35606
|
| 952 |
|
|
|0 0
|1 0
|2 ddc
|4 0
|6 346_549201000000000_5_PER
|7 0
|9 55991
|a SCL
|b SCL
|c GEN
|d 2015-09-20
|l 0
|o 346.5492015 PER
|p 3020006320
|r 2015-09-20
|t 1
|w 2015-09-20
|y BK
|